|
|
|
|
| LEADER |
01262nam a2200349 a 4500 |
| 001 |
36142 |
| 003 |
BD-DhAAL |
| 005 |
20211130125825.0 |
| 008 |
190930t2005 enka b 001 0 eng d |
| 999 |
|
|
|c 41490
|d 41490
|
| 010 |
|
|
|a 2005282953
|
| 015 |
|
|
|a GBA4-X8633
|
| 020 |
|
|
|a 0855985135 (pbk.)
|
| 035 |
|
|
|a (OCoLC)ocm56458612
|
| 040 |
|
|
|a UKM
|c UKM
|d BWK
|d OCL
|d BAKER
|d DLC
|
| 042 |
|
|
|a lccopycat
|
| 050 |
0 |
0 |
|a LC212.8
|b .P37 2005
|
| 082 |
0 |
4 |
|a 379.26
|2 22
|
| 245 |
0 |
0 |
|a Partnerships for girls' education /
|c edited by Nitya Rao and Ines Smyth.
|
| 260 |
|
|
|a Oxford :
|b Oxfam,
|c 2005.
|
| 300 |
|
|
|a xii, 156 pages :
|b illustrations ;
|c 23 cm.
|
| 504 |
|
|
|a Includes bibliographical references and index.
|
| 526 |
|
|
|a BIED
|
| 541 |
|
|
|a Complimentary copy from BIED
|e 36142
|
| 650 |
|
0 |
|a Sex discrimination in education.
|9 35675
|
| 650 |
|
0 |
|a Social science
|9 35676
|
| 700 |
1 |
|
|a Smyth, Ines A.
|9 35677
|
| 700 |
1 |
|
|a Rao, Nitya.
|9 35678
|
| 710 |
2 |
|
|a Oxfam GB.
|9 35679
|
| 852 |
|
|
|a Ayesha Abed Library
|c BIED Collection
|
| 942 |
|
|
|2 ddc
|c BK
|
| 952 |
|
|
|0 0
|1 0
|2 ddc
|4 0
|6 379_260000000000000_PAR
|7 0
|9 66602
|a BRACUL
|b BRACUL
|c GEN
|d 2019-09-30
|e Complimentary copy from BIED
|l 0
|o 379.26 PAR
|p 3010036142
|r 2019-09-30
|t 1
|w 2019-09-30
|y BK
|x Transferred from BIED to General Stacks
|